000 00330nam a22001337a 4500
040 _cNUST
082 _a547
_bPIN
100 _aPine, Stanley H
_91247
245 _aOrganic Chemistry
250 _a5th Edition
260 _aIslamabad:
_bNational Book Foundation,
_c2007.
650 _aOrganic Chemistry
_961219
942 _2ddc
_cBK
999 _c609532
_d609532